| 000 | 00533nam a2200205Ia 4500 | ||
|---|---|---|---|
| 005 | 20250508163409.0 | ||
| 008 | 008 250505s9999 xx 000 0 hin d | ||
| 037 | _aBooks to be hide in OPAC | ||
| 040 |
_aFEDL _beng _cFEDL |
||
| 041 |
_ahin _2eng |
||
| 084 |
_a001.4, TIL _qFEDL |
||
| 100 | _aTilak Singh | ||
| 245 | 0 | _aNaveen shodh vigyan | |
| 260 |
_aDelhi, India _bPrakashan Sansthan |
||
| 300 | _a249p. | ||
| 365 |
_aINR _b60 |
||
| 650 | _aResearch | ||
| 942 |
_cHB _h001.4, TIL |
||
| 999 |
_c1382817 _d1382817 |
||